[Event "Bundesliga 2008-9"]
[Site "Wattenscheid GER"]
[Date "2008.10.25"]
[Round "3"]
[White "Babula,V"]
[Black "Handke,F"]
[Result "1/2-1/2"]
[WhiteElo "2608"]
[BlackElo "2498"]
[EventDate "2008.10.03"]

1. d4 d5 2. c4 c6 3. Nf3 Nf6 4. Nc3 dxc4 5. a4 Bf5 6. Ne5 Nbd7 7. Nxc4 Nb6
8. Ne5 a5 9. Bg5 h6 10. Bh4 Nbd5 11. Qb3 Qb6 12. Qxb6 Nxb6 13. f3 Bc2 14.
e4 e6 15. Be2 Nfd7 16. Nxd7 Nxd7 17. O-O Bb4 18. Na2 Be7 19. Bxe7 Kxe7 20.
Nc3 e5 21. Rfc1 exd4 22. Rxc2 dxc3 23. Rxc3 Rhd8 24. Kf2 Nf8 25. Ke3 g5 26.
g3 Ne6 27. f4 f6 28. Rb1 Ra7 29. b4 Rd4 30. Bc4 axb4 31. Rxb4 Rd1 32. Bxe6
Kxe6 33. Rd3 Rxd3+ 34. Kxd3 Kd6 35. Rd4+ Kc7 36. e5 fxe5 37. fxe5 c5 38.
Rd5 b6 39. Rd6 Rxa4 40. Rxh6 Rd4+ 41. Ke3 b5 42. Rh5 b4 43. Rxg5 b3 44. e6
b2 45. Rxc5+ Kb6 46. Kxd4 b1=Q 47. Re5 Qb4+ 48. Ke3 Qe7 49. Re4 Kc7 50. Kf2
Qc5+ 51. Re3 Kd8 52. e7+ Ke8 53. h4 Qd4 54. Kf3 Qd5+ 55. Kf2 Qh1 56. Re1
Qh2+ 57. Kf3 Qd2 58. Re2 Qd5+ 59. Kf2 Qd4+ 60. Kg2 Qd5+ 61. Kf2 Qh1 62. Re1
Qh2+ 63. Kf3 Qh3 64. Kf2 Qf5+ 65. Kg2 Qc2+ 66. Kf3 Qh2 67. Re3 Qg1 68. Ke2
Qg2+ 69. Ke1 Qg1+ 70. Ke2 Qh2+ 71. Kf1 Qd2 72. Re2 Qd1+ 73. Kf2 Qa1 74. Kg2
Qf6 75. Rf2 Qc6+ 76. Kh2 Kxe7 77. Rf4 Ke6 78. h5 Qc2+ 79. Kg1 Qd1+ 80. Kg2
Qe2+ 81. Kg1 Qxh5 82. Kg2 Qe2+ 83. Kg1 Ke5 84. Kh1 Qh5+ 85. Kg2 Qh7 86. Rf2
Qb7+ 87. Kh2 Ke4 88. Rf4+ Ke3 89. Kg1 Qb2 90. Kh1 Qh8+ 91. Kg2 Qh5 92. Rf1
Qe2+ 93. Kg1 Qb5 94. Rf4 Ke2 95. Rf2+ Ke1 96. Rf4 Qe2 97. Kh1 Qh5+ 1/2-1/2

[Event "Bundesliga 2008-9"]
[Site "Wattenscheid GER"]
[Date "2008.10.25"]
[Round "3"]
[White "Dinstuhl,V"]
[Black "Fish,G"]
[Result "1/2-1/2"]
[WhiteElo "2436"]
[BlackElo "2531"]
[EventDate "2008.10.03"]

1. Nf3 d5 2. c4 e6 3. d4 c5 4. cxd5 exd5 5. Nc3 Nc6 6. g3 Nf6 7. Bg2 Be7 8.
O-O Be6 9. b3 Ne4 10. Bb2 O-O 11. Rc1 b6 12. dxc5 Nxc3 13. Bxc3 bxc5 14. e3
Qb6 15. Qe2 Rfd8 16. Rfd1 a5 17. Qb2 f6 18. Ne1 Rac8 19. Nd3 Bf7 20. Nf4 d4
21. exd4 cxd4 22. Bxd4 Nxd4 23. Rxc8 Rxc8 24. Rxd4 Ba3 25. Qd2 Rc1+ 26. Bf1
g5 27. Nd5 Qc6 28. Qxa5 Bc5 29. Qd2 Bxd5 30. Rxd5 Bxf2+ 31. Kxf2 Rc2 32.
Rd8+ Kg7 33. Rd7+ Kf8 34. Rd8+ Kg7 35. Rd7+ Kf8 36. Rd8+ Kg7 1/2-1/2

[Event "Bundesliga 2008-9"]
[Site "Wattenscheid GER"]
[Date "2008.10.25"]
[Round "3"]
[White "Feygin,M"]
[Black "Stellwagen,D"]
[Result "1-0"]
[WhiteElo "2569"]
[BlackElo "2605"]
[EventDate "2008.10.03"]

1. e4 c5 2. Nf3 e6 3. d4 cxd4 4. Nxd4 a6 5. Be3 Nf6 6. Nc3 d6 7. g4 h6 8.
f3 b5 9. Qd2 Bb7 10. O-O-O Nfd7 11. Qf2 Qc7 12. h4 Ne5 13. Kb1 Nbd7 14. Rg1
Rc8 15. g5 hxg5 16. hxg5 b4 17. Na4 g6 18. b3 Nc5 19. Nb2 Bg7 20. Bb5+ Ke7
21. Bd3 d5 22. exd5 Bxd5 23. f4 Nexd3 24. cxd3 Qd6 25. Qe1 Rh2 26. Rd2 Rxd2
27. Qxd2 Nd7 28. Re1 Kf8 29. Nc4 Qb8 30. Rc1 Kg8 31. Nc2 Bc3 32. Qf2 e5 33.
f5 e4 34. Bf4 Qa8 35. fxg6 exd3 36. gxf7+ Bxf7 37. N2e3 Bg6 38. Nd2 Nc5 39.
Ng4 Ne4 40. Nxe4 d2 41. Ngf6+ Bxf6 1-0

[Event "Bundesliga 2008-9"]
[Site "Wattenscheid GER"]
[Date "2008.10.25"]
[Round "3"]
[White "Nikolic,Pr"]
[Black "Janssen,Ru"]
[Result "1/2-1/2"]
[WhiteElo "2669"]
[BlackElo "2524"]
[EventDate "2008.10.03"]

1. d4 Nf6 2. c4 e6 3. Nf3 d5 4. Nc3 Bb4 5. Bg5 h6 6. Bxf6 Qxf6 7. a3 Bxc3+
8. bxc3 O-O 9. e3 c5 10. Be2 Nc6 11. cxd5 exd5 12. O-O Rd8 13. Nd2 Bf5 14.
Bf3 Rac8 15. Nb3 b6 16. Re1 Qd6 17. Ra2 Ne7 18. Qa1 Qd7 19. a4 Be6 20. a5
c4 21. Nd2 b5 22. Rb2 a6 23. e4 Nc6 24. exd5 Bxd5 25. Ne4 Qc7 26. Ra2 b4
1/2-1/2

[Event "Bundesliga 2008-9"]
[Site "Wattenscheid GER"]
[Date "2008.10.25"]
[Round "3"]
[White "Giri,A"]
[Black "Werle,J"]
[Result "1-0"]
[WhiteElo "2466"]
[BlackElo "2582"]
[EventDate "2008.10.03"]

1. e4 c5 2. Nf3 e6 3. Nc3 a6 4. d4 cxd4 5. Nxd4 Qc7 6. Bd3 Nf6 7. O-O Bc5
8. Nb3 Be7 9. f4 d6 10. a4 Nc6 11. a5 b5 12. axb6 Qxb6+ 13. Kh1 h5 14. Qe2
Ng4 15. Bd2 Bb7 16. Rae1 Bf6 17. Na4 Qc7 18. Bc3 Bh4 19. Bxg7 Rg8 20. Bc3
Bxe1 21. Qxe1 Qe7 22. h3 Nf6 23. Qf2 h4 24. Nb6 Rd8 25. Re1 Nd7 26. Nd5
exd5 27. exd5 Nce5 28. fxe5 Nxe5 29. Bxe5 dxe5 30. c4 Rg3 31. Nc5 Bxd5 32.
cxd5 Rxd5 33. b4 Rgxd3 34. Nxd3 Rxd3 35. Qf5 Rd5 36. Qc8+ Qd8 37. Qxa6 Qd7
38. Qf6 Qe7 39. Qh8+ Kd7 40. Rc1 Qd8 41. Qg7 Ke8 42. Rf1 Qe7 43. Ra1 Qc7
44. Qh8+ Kd7 45. Qf6 e4 46. Qxf7+ 1-0

[Event "Bundesliga 2008-9"]
[Site "Wattenscheid GER"]
[Date "2008.10.25"]
[Round "3"]
[White "Buhmann,R"]
[Black "Peng Zhaoqin"]
[Result "1-0"]
[WhiteElo "2541"]
[BlackElo "2455"]
[EventDate "2008.10.03"]

1. Nf3 d5 2. d4 Nf6 3. c4 dxc4 4. e3 Bg4 5. Bxc4 e6 6. Nc3 Nbd7 7. h3 Bh5
8. O-O Bb4 9. Be2 O-O 10. a3 Bxc3 11. bxc3 c5 12. a4 Qc7 13. Ba3 Rfe8 14.
Nd2 Bg6 15. Qb3 Ne4 16. Rfd1 cxd4 17. Nxe4 Bxe4 18. cxd4 Rec8 19. Rdc1 Qd8
20. Qb4 Nb6 21. a5 Nd5 22. Qd2 Qg5 23. Bf1 h6 24. Qe2 Nf6 25. f3 Bc6 26.
Rc5 Nd5 27. Bc1 Qf6 28. Qd2 a6 29. e4 Nc7 30. Bb2 Rd8 31. Qf2 Qg6 32. Rd1
Rd7 33. h4 Bb5 34. h5 Qf6 35. d5 e5 36. Rdc1 Bxf1 37. Rxc7 Bb5 38. Qg3 Re8
39. Ba3 Qd8 40. Rc8 Qxc8 41. Rxc8 Rxc8 42. Qxe5 Rc2 43. Bb2 f6 44. Qe8+ Kh7
45. Qg6+ Kh8 46. Bd4 Rd2 47. Qe8+ Kh7 48. Bb6 Rc2 49. Kh2 Rc4 50. Kg3 Rd6
51. Qe7 Rd7 52. Qe6 Rc1 53. f4 Rc3+ 54. Kh2 Rc4 55. Qe8 Rd6 56. Qe7 Rd7 57.
Qe6 Kh8 58. d6 Kh7 59. Qf5+ Kg8 60. Qd5+ Kh8 61. Bc7 Rc2 62. Qxb7 Kh7 63.
Qd5 Rcxc7 64. Qf5+ Kh8 65. dxc7 Rxc7 66. e5 fxe5 67. fxe5 Kg8 68. Qe6+ Kf8
69. Qd6+ Re7 70. e6 1-0

[Event "Bundesliga 2008-9"]
[Site "Wattenscheid GER"]
[Date "2008.10.25"]
[Round "3"]
[White "De Vreugt,D"]
[Black "Naumann,A"]
[Result "0-1"]
[WhiteElo "2435"]
[BlackElo "2518"]
[EventDate "2008.10.03"]

1. e4 c5 2. Nf3 d6 3. d4 cxd4 4. Nxd4 Nf6 5. Nc3 a6 6. Be3 Ng4 7. Bg5 h6 8.
Bh4 g5 9. Bg3 Bg7 10. h3 Ne5 11. Nf5 Bxf5 12. exf5 Nbc6 13. Nd5 e6 14. Ne3
O-O 15. Be2 d5 16. fxe6 fxe6 17. O-O Ng6 18. c3 Nf4 19. Re1 Qb6 20. Qc2 d4
21. Nc4 Qc5 22. Bxf4 Rxf4 23. b4 Qf8 24. Qg6 Qe8 25. Qxe8+ Rxe8 26. g3 Rff8
27. Nd6 Re7 28. Bc4 dxc3 29. Bxe6+ Kh8 30. Bd5 c2 31. Rxe7 Nxe7 32. Rc1
Nxd5 33. Rxc2 Nxb4 34. Rc4 Nd3 35. Nxb7 Rxf2 36. Nc5 Rf3 37. Ne4 Re3 38.
Nd6 Re1+ 39. Kg2 Re2+ 40. Kf3 Rxa2 41. Ke4 Ne5 42. Rc7 Re2+ 43. Kd5 Nd3 44.
Ra7 Re5+ 45. Kc6 Nb4+ 46. Kd7 Kg8 47. Ra8+ Bf8 48. Nb7 0-1

[Event "Bundesliga 2008-9"]
[Site "Wattenscheid GER"]
[Date "2008.10.25"]
[Round "3"]
[White "Ragger,M"]
[Black "Kabatianski,A"]
[Result "1-0"]
[WhiteElo "2518"]
[BlackElo "2436"]
[EventDate "2008.10.03"]

1. e4 c5 2. Nf3 e6 3. d4 cxd4 4. Nxd4 Nc6 5. Nc3 a6 6. Be3 Nf6 7. Qd2 Bb4
8. f3 d5 9. O-O-O Qa5 10. Nb3 Bxc3 11. Nxa5 Bxd2+ 12. Bxd2 dxe4 13. Nc4 O-O
14. Nb6 Rb8 15. Be3 Re8 16. Bc5 Nd5 17. fxe4 Nxb6 18. Bxb6 e5 19. Bc4 Be6
20. Bxe6 Rxe6 21. Rd7 Rf6 22. g3 h5 23. c3 h4 24. Rhd1 hxg3 25. hxg3 Kh7
26. Rh1+ Kg6 27. Rh4 Rf3 28. Rg4+ Kh6 29. Kd2 g5 30. Ke2 Rf6 31. Be3 Rg8
32. Rh4+ Kg6 33. Rh1 b5 34. g4 Nd8 35. Rd5 Ne6 36. Rxe5 Nf4+ 37. Kd2 Rd8+
38. Kc2 Rfd6 39. Rf5 Rd3 40. Bd4 R3xd4 41. cxd4 Rxd4 42. Re5 Rc4+ 43. Kb1
Rd4 44. Rh8 Ne6 45. Rg8+ Kf6 46. Rf5+ Ke7 47. Ra8 Rd1+ 48. Kc2 Rd7 49. Rd5
Rc7+ 50. Kd2 Rc6 51. Ra7+ Ke8 52. Rf5 1-0

[Event "Bundesliga 2008-9"]
[Site "Wattenscheid GER"]
[Date "2008.10.25"]
[Round "3"]
[White "Richter,Ch"]
[Black "Hoffmann,Micha1"]
[Result "1/2-1/2"]
[WhiteElo "2403"]
[BlackElo "2469"]
[EventDate "2008.10.03"]

1. d4 Nf6 2. c4 g6 3. g3 Bg7 4. Bg2 O-O 5. Nc3 d6 6. Nf3 Nc6 7. O-O Rb8 8.
b3 a6 9. Bb2 b5 10. cxb5 axb5 11. Rc1 b4 12. Nb1 Na7 13. Qc2 c6 14. Ne1 Ba6
15. Nd3 Nd7 16. Nd2 c5 17. Nf3 Bxd3 18. Qxd3 Nb5 19. Qd2 Nxd4 20. Nxd4 cxd4
21. Bxd4 Bxd4 22. Qxd4 Nc5 23. Rc2 Qb6 24. Qh4 Qa7 25. Rd1 Rb5 26. Rd4 Rfb8
27. Bc6 Ne6 28. Rdc4 Rh5 29. Qg4 Rg5 30. Qe4 Re5 31. Qd3 Qa5 32. Bf3 Rc5
33. Rxc5 Nxc5 34. Qe3 Qd8 35. Bd5 Nd7 36. Qf4 Nf6 37. Bf3 Kg7 38. Qe3 Rb6
39. h4 h5 40. Qg5 Qb8 41. Qc1 d5 42. Rc7 Rb7 43. Rc8 Qd6 44. Rc6 Qe5 45.
Kg2 e6 46. Qc5 Nd7 47. Qe7 Qf6 48. Qe8 Ne5 49. Rc8 Kh7 50. Qg8+ Kh6 51.
Qf8+ Kh7 52. Qg8+ 1/2-1/2

[Event "Bundesliga 2008-9"]
[Site "Wattenscheid GER"]
[Date "2008.10.25"]
[Round "3"]
[White "Edouard,R"]
[Black "Zumsande,M"]
[Result "1-0"]
[WhiteElo "2531"]
[BlackElo "2411"]
[EventDate "2008.10.03"]

1. e4 e6 2. d4 d5 3. Nc3 Nf6 4. e5 Nfd7 5. f4 c5 6. Nf3 Nc6 7. Be3 a6 8.
Qd2 b5 9. a3 g5 10. fxg5 cxd4 11. Nxd4 Ncxe5 12. Bd3 Bg7 13. O-O O-O 14.
Nce2 Nb6 15. b3 Nxd3 16. cxd3 e5 17. Nc6 Qd6 18. Bxb6 Qxc6 19. Bf2 Qg6 20.
d4 Bg4 21. Nc3 Rad8 22. Rfe1 e4 23. Be3 f6 24. gxf6 Bxf6 25. a4 b4 26. Ne2
Bxe2 27. Rxe2 Be7 28. Rc1 Bd6 29. Rf2 Qg4 30. Rcf1 Rxf2 31. Qxf2 Rf8 32.
Qe1 Bf4 33. Rxf4 Rxf4 34. h3 Qg7 35. Bxf4 Qxd4+ 36. Kh2 Kf7 37. Qh4 Qg7 38.
Qd8 d4 39. Qd7+ 1-0

[Event "Bundesliga 2008-9"]
[Site "Wattenscheid GER"]
[Date "2008.10.26"]
[Round "4"]
[White "Stellwagen,D"]
[Black "Efimenko,Z"]
[Result "1/2-1/2"]
[WhiteElo "2605"]
[BlackElo "2680"]
[EventDate "2008.10.03"]

1. e4 e5 2. Nf3 Nc6 3. Bb5 Nf6 4. O-O Nxe4 5. d4 Nd6 6. Bxc6 dxc6 7. dxe5
Nf5 8. Qxd8+ Kxd8 9. Nc3 h6 10. h3 Bd7 11. b3 b6 12. Bb2 Kc8 13. Rad1 c5
14. Nd5 a5 15. a4 c4 16. e6 fxe6 17. Nf4 cxb3 18. cxb3 Bd6 19. Ng6 Rg8 20.
Nfe5 Be8 21. g4 Bxe5 22. Nxe5 Ne7 23. Rfe1 Nd5 24. Nf3 Nf4 25. Nd4 Bd7 26.
Bc1 Rf8 27. Bxf4 Rxf4 28. Rd3 Rf6 29. Rde3 Kb7 30. Nxe6 g5 31. Kg2 c5 32.
Kg3 Rc8 33. f4 gxf4+ 34. Nxf4 c4 35. Re7 Rd6 36. bxc4 Rxc4 37. R1e4 Rxe4
38. Rxe4 Bc6 39. Rc4 Rd1 40. h4 Rg1+ 41. Kh3 Ra1 42. g5 hxg5 43. hxg5 Rxa4
44. Rxc6 Rxf4 45. Rf6 Rd4 46. g6 Rd8 47. g7 Rg8 48. Rf7+ Ka6 49. Kg2 a4 50.
Kf2 b5 51. Ke2 a3 52. Kd3 a2 53. Rf1 Rxg7 54. Ra1 Ka5 55. Kc3 Rg3+ 56. Kb2
Ka4 57. Rf1 Ra3 58. Ka1 b4 59. Rf8 Kb5 60. Rf5+ Kc6 61. Rf6+ Kd5 62. Rf5+
Ke4 63. Rb5 Ra4 64. Rb8 Kd4 65. Rh8 Ra6 66. Rh4+ Kc5 67. Rh5+ Kc4 68. Rh4+
Kb5 69. Rh5+ Ka4 70. Kxa2 Rg6 71. Rh3 Rg2+ 72. Kb1 Re2 73. Rg3 b3 74. Rg8
b2 75. Ra8+ Kb4 76. Rb8+ Kc4 77. Rxb2 Rxb2+ 78. Kxb2 1/2-1/2

[Event "Bundesliga 2008-9"]
[Site "Wattenscheid GER"]
[Date "2008.10.26"]
[Round "4"]
[White "Werle,J"]
[Black "Meier,Geo"]
[Result "1/2-1/2"]
[WhiteElo "2582"]
[BlackElo "2558"]
[EventDate "2008.10.03"]

1. d4 e6 2. c4 Nf6 3. Nf3 Bb4+ 4. Nbd2 O-O 5. a3 Be7 6. g3 b6 7. Bg2 Bb7 8.
O-O c5 9. e3 cxd4 10. exd4 d5 11. b3 Nbd7 12. Bb2 Rc8 13. Rc1 Rc7 14. Re1
Qa8 15. Nf1 a5 16. Ne5 a4 17. bxa4 dxc4 1/2-1/2

[Event "Bundesliga 2008-9"]
[Site "Wattenscheid GER"]
[Date "2008.10.26"]
[Round "4"]
[White "Roiz,M"]
[Black "Buhmann,R"]
[Result "1/2-1/2"]
[WhiteElo "2677"]
[BlackElo "2541"]
[EventDate "2008.10.03"]

1. c4 c6 2. Nf3 Nf6 3. e3 d5 4. Qc2 g6 5. b3 Bg7 6. Bb2 O-O 7. Be2 Bg4 8.
O-O Nbd7 9. d3 Re8 10. h3 Bxf3 11. Bxf3 e5 12. g3 Qe7 13. Bg2 Rad8 14. cxd5
cxd5 15. Rc1 e4 16. Nd2 exd3 17. Qxd3 Nc5 18. Qc2 Ne6 19. Nf3 Ne4 20. Rab1
b6 21. b4 Bxb2 22. Qxb2 Rc8 23. a3 Qf6 24. Qxf6 Nxf6 25. Ne5 Kf8 26. Rxc8
Rxc8 27. Rd1 Rd8 28. f4 Rd6 29. Rc1 Rd8 30. Rd1 Rd6 31. Rc1 Rd8 32. h4 d4
33. exd4 Rxd4 34. Rc8+ Rd8 35. Rxd8+ Nxd8 36. Kf2 Ke7 37. Ke3 Kd6 38. Nc4+
Ke6 39. Bh3+ Kd5 40. Ne5 Nh5 41. Bg2+ Kd6 42. g4 Ng7 43. Bf3 f6 44. Nc4+
Ke7 45. a4 Ne8 46. Be4 Nc7 47. Na3 Nf7 48. Nc2 Kd6 49. Kd4 Ne6+ 50. Ke3 Nc7
51. Kd4 Ne6+ 1/2-1/2

[Event "Bundesliga 2008-9"]
[Site "Wattenscheid GER"]
[Date "2008.10.26"]
[Round "4"]
[White "Naumann,A"]
[Black "Hracek,Z"]
[Result "1/2-1/2"]
[WhiteElo "2518"]
[BlackElo "2613"]
[EventDate "2008.10.03"]

1. d4 Nf6 2. c4 e6 3. g3 Bb4+ 4. Bd2 a5 5. Bg2 d6 6. Nf3 Nbd7 7. O-O e5 8.
Nc3 O-O 9. Qc2 Re8 10. dxe5 dxe5 11. Rfd1 c6 12. Ng5 h6 13. Nge4 Qe7 14. a3
Nxe4 15. Nxe4 Bxd2 16. Rxd2 Nc5 17. Nd6 Rd8 18. Rad1 a4 19. Qc3 Nb3 20. Rd3
Bg4 21. Bf3 Bxf3 22. Nf5 Qf6 23. exf3 Rxd3 24. Qxd3 Nd4 25. Nxd4 Rd8 26.
Re1 exd4 27. f4 c5 28. Re5 Qb6 29. Qe4 Qxb2 30. Re8+ Rxe8 31. Qxe8+ Kh7 32.
Qxf7 Qb1+ 33. Kg2 Qe4+ 34. f3 Qe2+ 35. Kg1 Qxf3 36. Qf5+ Kg8 37. Qe6+ Kf8
38. Qf5+ 1/2-1/2

[Event "Bundesliga 2008-9"]
[Site "Wattenscheid GER"]
[Date "2008.10.26"]
[Round "4"]
[White "Nyback,T"]
[Black "Ragger,M"]
[Result "1/2-1/2"]
[WhiteElo "2634"]
[BlackElo "2518"]
[EventDate "2008.10.03"]

1. d4 d5 2. c4 c6 3. Nf3 Nf6 4. e3 Bf5 5. Nc3 e6 6. Nh4 Bg6 7. Nxg6 hxg6 8.
g3 Nbd7 9. Bg2 dxc4 10. Qe2 Nb6 11. O-O Be7 12. Rd1 O-O 13. e4 Nfd7 14. Be3
Qc7 15. f4 Rad8 16. h4 c5 17. d5 exd5 18. Nxd5 Nxd5 19. Rxd5 Nb6 20. Rdd1
Rxd1+ 21. Rxd1 Rd8 22. e5 Na4 23. Rxd8+ Qxd8 24. Bxb7 Qd3 25. Qxd3 cxd3 26.
b3 Nc3 27. a4 c4 28. bxc4 Nxa4 29. Bxa7 Nb2 30. c5 Kf8 31. Bf3 d2 32. c6
Ke8 33. Bd4 d1=Q+ 34. Bxd1 Nxd1 35. Kf1 Bb4 36. Ke2 Nc3+ 37. Kd3 Nb5 38.
Bf2 Be7 39. g4 Kd8 40. Bb6+ Kc8 41. h5 gxh5 42. gxh5 Nc7 43. Ke4 Na6 44. e6
fxe6 45. Ke5 Nb4 46. Kxe6 Nxc6 47. Kf7 Bd6 48. Be3 Kd7 49. f5 Be5 50. Bg5
Nd8+ 51. Bxd8 1/2-1/2

[Event "Bundesliga 2008-9"]
[Site "Wattenscheid GER"]
[Date "2008.10.26"]
[Round "4"]
[White "Hoffmann,Micha1"]
[Black "Babula,V"]
[Result "1/2-1/2"]
[WhiteElo "2469"]
[BlackElo "2608"]
[EventDate "2008.10.03"]

1. e4 c5 2. Nf3 d6 3. d4 cxd4 4. Nxd4 Nf6 5. Nc3 e6 6. Be3 Be7 7. f4 O-O 8.
Qf3 e5 9. Nf5 Bxf5 10. exf5 Nbd7 11. O-O-O Rc8 12. Bb5 Rxc3 13. bxc3 Qc7
14. Bxd7 Nxd7 15. fxe5 dxe5 16. Qd5 Qxc3 17. Qb3 Qc6 18. Qd5 Qc3 19. Qb3
Qc6 20. Qd5 1/2-1/2

[Event "Bundesliga 2008-9"]
[Site "Wattenscheid GER"]
[Date "2008.10.26"]
[Round "4"]
[White "Fish,G"]
[Black "Edouard,R"]
[Result "0-1"]
[WhiteElo "2531"]
[BlackElo "2531"]
[EventDate "2008.10.03"]

1. d4 Nf6 2. c4 c5 3. d5 e6 4. Nc3 exd5 5. cxd5 d6 6. Nf3 g6 7. Nd2 Bg7 8.
e4 O-O 9. Be2 Na6 10. O-O Ne8 11. Nc4 Nac7 12. a4 f5 13. exf5 Rxf5 14. Bg4
Rf7 15. Bf3 b6 16. Ne4 Rf5 17. Ng3 Rf7 18. Ne4 Rf5 19. Ng3 Rf7 20. Rb1 Bb7
21. b4 Qh4 22. Be4 Rd8 23. a5 Ba6 24. axb6 axb6 25. Qc2 Nf6 26. bxc5 bxc5
27. f3 Nfxd5 28. Bd2 Nf4 29. Bxf4 Qxf4 30. Ne2 Qh4 31. g3 Qe7 32. Na5 Re8
33. Nc6 Qe6 34. Rb8 Rxb8 35. Nxb8 d5 36. Nxa6 Qxa6 37. Bxd5 Nxd5 38. Qxc5
Qd3 39. Qc8+ Bf8 0-1

[Event "Bundesliga 2008-9"]
[Site "Wattenscheid GER"]
[Date "2008.10.26"]
[Round "4"]
[White "Najer,E"]
[Black "Feygin,M"]
[Result "1/2-1/2"]
[WhiteElo "2682"]
[BlackElo "2569"]
[EventDate "2008.10.03"]

1. e4 e6 2. d4 d5 3. Nc3 Nf6 4. e5 Nfd7 5. f4 c5 6. Nf3 Nc6 7. Be3 a6 8.
Qd2 b5 9. a3 g5 10. fxg5 cxd4 11. Nxd4 Ncxe5 12. Be2 Bg7 13. O-O O-O 14. a4
Nc4 15. Bxc4 bxc4 16. Nce2 Nc5 17. Ng3 Ne4 18. Nxe4 dxe4 19. Rad1 Rb8 20.
Nc6 Qxd2 21. Rxd2 Rb7 22. c3 Rd7 23. Na5 Rxd2 24. Bxd2 Bd7 25. Re1 Bxa4 26.
Rxe4 Rd8 27. Bf4 Bb5 28. Nxc4 Rd1+ 29. Kf2 Rb1 30. Kg3 f5 31. gxf6 Bxf6 32.
Rxe6 Bxc4 33. Rxf6 Rxb2 34. Bh6 Rb8 35. Rc6 Bb5 36. Rf6 a5 37. Rf5 a4 38.
Kf2 Bc6 39. Rf6 Bd5 40. Rf5 Bc6 41. Rg5+ Kf7 42. Rg7+ Ke6 43. Rxh7 Rb2+ 44.
Ke3 a3 45. Ra7 a2 46. c4 Bxg2 47. Bg7 Rc2 48. Kd3 Rf2 49. Ra6+ Kd7 50. Be5
Bf1+ 51. Kc3 Re2 52. Bg3 Re4 53. Ra7+ Ke6 54. c5 Rc4+ 55. Kd2 Rxc5 56. Rxa2
Kf5 57. Ra8 Kg4 58. Rb8 1/2-1/2

[Event "Bundesliga 2008-9"]
[Site "Wattenscheid GER"]
[Date "2008.10.26"]
[Round "4"]
[White "Janssen,Ru"]
[Black "Macieja,B"]
[Result "1/2-1/2"]
[WhiteElo "2524"]
[BlackElo "2600"]
[EventDate "2008.10.03"]

1. c4 e5 2. g3 Nf6 3. Bg2 d5 4. cxd5 Nxd5 5. Nc3 Nb6 6. Nf3 Nc6 7. O-O Be7
8. a3 Be6 9. d3 O-O 10. b4 a5 11. b5 Nd4 12. Rb1 Nd5 13. Nxd5 Nxf3+ 14.
Bxf3 Bxd5 15. Bxd5 Qxd5 16. a4 e4 17. Qb3 Rfd8 18. Rd1 Qxb3 19. Rxb3 Rd4
20. Rc3 exd3 1/2-1/2

[Event "Bundesliga 2008-9"]
[Site "Wattenscheid GER"]
[Date "2008.10.26"]
[Round "4"]
[White "Bartel,Mat"]
[Black "Giri,A"]
[Result "0-1"]
[WhiteElo "2602"]
[BlackElo "2466"]
[EventDate "2008.10.03"]

1. e4 c5 2. Nf3 e6 3. d4 cxd4 4. Nxd4 a6 5. Bd3 Nf6 6. O-O d6 7. b3 b6 8.
Bb2 Bb7 9. Nd2 Nbd7 10. f4 Nc5 11. Qe2 Be7 12. Rae1 O-O 13. Rf3 Re8 14. Rh3
g6 15. e5 Nd5 16. Rf1 Nxd3 17. cxd3 Rc8 18. Ne4 dxe5 19. fxe5 Nc3 20. Bxc3
Bxe4 21. dxe4 Rxc3 22. Nxe6 Qc8 23. Nf4 Bc5+ 24. Kh1 Rxh3 25. Nxh3 Rxe5 26.
Nf4 Qb7 27. Re1 Bf8 28. Nd3 Re8 29. e5 Bg7 30. h3 Qd5 31. Qf3 Qxf3 32. gxf3
Rd8 33. Re3 Rd4 34. f4 Bh6 35. Rf3 Kf8 36. Kg2 Ke7 37. Kf2 Ke6 38. Ke3 Kd5
39. Nf2 Bg7 40. Ke2 Bh6 41. f5 Rd2+ 42. Ke1 Rxa2 43. e6 Ra1+ 44. Ke2 Ra2+
45. Kf1 fxe6 46. Rd3+ Ke5 47. Ng4+ Ke4 48. fxe6 Kxd3 49. Ne5+ Ke3 50. e7
Rf2+ 51. Ke1 Rf8 52. Nc4+ Kd3 53. exf8=B Bxf8 54. Nxb6 Kc3 0-1

[Event "Bundesliga 2008-9"]
[Site "Wattenscheid GER"]
[Date "2008.10.26"]
[Round "4"]
[White "Peng Zhaoqin"]
[Black "Rustemov,A"]
[Result "0-1"]
[WhiteElo "2455"]
[BlackElo "2520"]
[EventDate "2008.10.03"]

1. d4 Nf6 2. c4 c6 3. Nc3 d5 4. Nf3 dxc4 5. a4 Bf5 6. Ne5 Nbd7 7. Nxc4 Nb6
8. Ne5 a5 9. f3 Nfd7 10. e4 Nxe5 11. exf5 Ned7 12. d5 g6 13. Bg5 Bg7 14. d6
Nf6 15. Qb3 O-O 16. Ne4 gxf5 17. Bxf6 exf6 18. Ng3 Re8+ 19. Be2 Nd5 20.
Nxf5 Re5 21. Ng3 Qxd6 22. O-O f5 23. Bc4 f4 24. Ne4 Qe7 25. Rfd1 Ne3 26.
Rd2 Rf8 27. Bf1 Kh8 28. Qa3 Qxa3 29. Rxa3 f5 30. Nd6 Rc5 31. Kf2 Bxb2 32.
Rb3 Bc1 33. Nxb7 Bxd2 34. Nxc5 Bb4 35. Nd3 c5 36. Nxf4 Nd1+ 37. Kg1 c4 38.
Bxc4 Bc5+ 39. Kf1 Ne3+ 40. Ke2 Nxc4 41. Rb5 Bd6 42. Nh5 Bxh2 43. f4 Bg1 44.
Kd3 Ne3 45. g3 Ra8 46. Rb1 Bf2 47. Ke2 Ng4 48. Rb5 Re8+ 49. Kd3 Be1 50.
Rxf5 Nf2+ 51. Kd4 Ne4 52. g4 Ng3 53. Nxg3 Bxg3 54. Rxa5 Bxf4 55. Rf5 Bd2
56. Kd3 Be1 57. Rf4 Rc8 58. Rc4 Rb8 59. Re4 Ba5 60. Re5 Ra8 61. Re4 Kg7 62.
Ke3 Kf6 63. Kf3 Bd2 64. Rd4 Bg5 65. Ke4 Ke6 66. Rc4 Ra6 67. Kd3 h6 68. Re4+
Kf6 69. Rc4 Bh4 70. Ke4 Kg5 71. Kf3 Rf6+ 72. Kg2 Rf2+ 73. Kh3 Rf3+ 74. Kh2
Ra3 75. Kg2 Be1 76. Rd4 Bg3 0-1

[Event "Bundesliga 2008-9"]
[Site "Wattenscheid GER"]
[Date "2008.10.26"]
[Round "4"]
[White "Johannessen,LE"]
[Black "De Vreugt,D"]
[Result "1-0"]
[WhiteElo "2545"]
[BlackElo "2435"]
[EventDate "2008.10.03"]

1. d4 Nf6 2. c4 e6 3. Nc3 Bb4 4. Qc2 Nc6 5. Nf3 d6 6. Bd2 O-O 7. a3 Bxc3 8.
Bxc3 Re8 9. e3 e5 10. d5 Ne7 11. e4 Nh5 12. g3 f5 13. Nd2 Rf8 14. exf5 Bxf5
15. Ne4 Nf6 16. Bg2 Qe8 17. O-O Qh5 18. Rae1 Nxe4 19. Bxe4 Bh3 20. Bg2 Bxg2
21. Kxg2 Rf3 22. Qe4 Raf8 23. Re3 Rxe3 24. Qxe3 Qg4 25. f4 Nf5 26. Qe1 h5
27. Kh1 h4 28. gxh4 Nxh4 29. Qg3 Rxf4 30. Rxf4 Qd1+ 31. Qe1 1-0

[Event "Bundesliga 2008-9"]
[Site "Wattenscheid GER"]
[Date "2008.10.26"]
[Round "4"]
[White "Kabatianski,A"]
[Black "Appel,R"]
[Result "0-1"]
[WhiteElo "2436"]
[BlackElo "2541"]
[EventDate "2008.10.03"]

1. d4 Nf6 2. c4 d6 3. Nc3 e5 4. Nf3 Nbd7 5. g3 c6 6. Bg2 Be7 7. O-O O-O 8.
Qc2 Re8 9. b3 Bf8 10. Rd1 a6 11. e4 Qc7 12. Bb2 b5 13. cxb5 cxb5 14. Rac1
Bb7 15. Qe2 Qa5 16. d5 g6 17. Nd2 Rec8 18. a3 Qd8 19. Rc2 Bh6 20. Rdc1 Nc5
21. Ncb1 Ncd7 22. Bh3 Rxc2 23. Rxc2 Nb6 24. Bc3 a5 25. Bf1 Bc8 26. Qd1 Bd7
27. Bd3 Nh5 28. Qe2 Qe8 29. b4 Na4 30. Nb3 Nxc3 31. Nxc3 axb4 32. axb4 Ra3
33. Nd2 Ra1+ 34. Ndb1 Qd8 35. Ra2 Rxa2 36. Qxa2 Qg5 37. Bxb5 Qc1+ 38. Kg2
Bxb5 39. Nxb5 Qd1 40. N5c3 Qg4 41. Qc2 Nf4+ 42. Kf1 Qh3+ 43. Ke1 Ng2+ 44.
Kd1 Qxh2 45. Qe2 Qh1+ 46. Kc2 Ne1+ 47. Kb3 Nf3 48. Ka4 Nd4 49. Qc4 Qc1 50.
Ka5 Bg5 51. Qc7 Qc2 52. Qxd6 Nb3+ 53. Ka6 Qxf2 54. Kb7 Qd4 55. b5 Na5+ 56.
Ka6 Nc4 57. Qb8+ Kg7 58. Na4 Qa1 59. Nbc3 Nb2 60. b6 Nxa4 61. Nxa4 Qxa4+
62. Kb7 Qxe4 63. Qd6 Be3 64. Kc7 Qc4+ 65. Qc6 Qxc6+ 66. dxc6 e4 67. Kb7
Bxb6 68. Kxb6 e3 69. c7 e2 70. c8=Q e1=Q 71. Qg4 Qe6+ 0-1

[Event "Bundesliga 2008-9"]
[Site "Wattenscheid GER"]
[Date "2008.10.26"]
[Round "4"]
[White "Handke,F"]
[Black "Richter,Ch"]
[Result "1-0"]
[WhiteElo "2498"]
[BlackElo "2403"]
[EventDate "2008.10.03"]

1. e4 e5 2. Nf3 Nc6 3. Bb5 a6 4. Ba4 Nf6 5. d3 b5 6. Bb3 Be7 7. O-O d6 8.
c3 O-O 9. Re1 Na5 10. Bc2 c5 11. Nbd2 h6 12. Nf1 Re8 13. h3 Be6 14. Ng3 Nc6
15. Bb3 Bf8 16. Bxe6 fxe6 17. Nh2 Kh7 18. Bd2 Be7 19. a4 Qd7 20. Nh5 Reb8
21. axb5 axb5 22. Nxf6+ Bxf6 23. Qf3 Qe8 24. Qg4 Nd8 25. h4 h5 26. Qh3 Nf7
27. Nf3 Nh6 28. Ng5+ Kg6 29. Nxe6 Bxh4 30. Rxa8 Rxa8 31. Bxh6 Kxh6 32. Qe3+
Kg6 33. Nc7 Qc6 34. Nxa8 Qxa8 35. Qh3 Bf6 36. Qf5+ Kh6 37. g4 1-0

[Event "Bundesliga 2008-9"]
[Site "Wattenscheid GER"]
[Date "2008.10.26"]
[Round "4"]
[White "Zumsande,M"]
[Black "Dinstuhl,V"]
[Result "1/2-1/2"]
[WhiteElo "2411"]
[BlackElo "2436"]
[EventDate "2008.10.03"]

1. e4 e5 2. Nf3 Nc6 3. d4 exd4 4. Nxd4 Bc5 5. Nxc6 Qf6 6. Qd2 dxc6 7. Nc3
Bd4 8. Bd3 Ne7 9. O-O Ng6 10. Ne2 Bb6 11. Qg5 Qxg5 12. Bxg5 f6 13. Bd2 Be6
14. Nf4 Bf7 15. Nxg6 Bxg6 16. Rae1 O-O-O 17. g4 Rhe8 18. Kg2 Bxe4+ 19. Rxe4
Rxe4 20. Bxe4 Rxd2 21. Bxh7 g5 1/2-1/2